Countries of the Warsaw Pact - Statistics

General Stats
  • This quiz has been taken 16 times
  • The average score is 6 of 8
Answer Stats
Hint Answer % Correct
1947-1989 Poland
93%
1946-1991 Soviet Union
93%
1949-1989 Hungary
79%
1947-1989 Romania
79%
1946-1990 Bulgaria
71%
1948-1989 Czechoslovakia
71%
1949-1989 East Germany
71%
1946-1961 Albania
64%
No matching quizzes found
Score Distribution
Percent of People with Each Score
Percentile by Number Answered
Your Score History
You have not taken this quiz